书目信息 |
| 题名: |
隋彭生 : 律师民法业务思维
|
|
| 作者: | 隋彭生 著 | |
| 分册: | ||
| 出版信息: | 北京 中国政法大学出版社 2015.03 |
|
| 页数: | 325页 | |
| 开本: | 20cm | |
| 丛书名: | ||
| 单 册: | ||
| 中图分类: | D923 | |
| 科图分类: | ||
| 主题词: | 法律--中国 | |
| 电子资源: | ||
| ISBN: | 7-5620-5942-X | |
| 000 | 00601nam0 2200193 450 | |
| 001 | 1555111345 | |
| 005 | 20181213200506.15 | |
| 010 | @a7-5620-5942-X@dCNY39.00 | |
| 100 | @a20151218d2015 km y0chiy0120 ea | |
| 101 | 0 | @achi |
| 102 | @aCN@b110000 | |
| 200 | 1 | @a隋彭生 : 律师民法业务思维@Asui peng sheng:lu shi min fa ye wu si wei@f隋彭生著@Fsui peng sheng zhu |
| 210 | @a北京@c中国政法大学出版社@d2015.03 | |
| 215 | @a325页@d20cm | |
| 606 | 0 | @a法律@x中国 |
| 690 | @aD923@v4 | |
| 701 | 0 | @a隋彭生@Asui peng sheng@4著 |
| 801 | 0 | @aCN@b大连网信软件有限公司图书馆·11@c20151218 |
| 905 | @aZUCC@dD923@eS8851 | |
| 隋彭生 : 律师民法业务思维/隋彭生著.-北京:中国政法大学出版社,2015.03 |
| 325页;20cm |
| ISBN 7-5620-5942-X:CNY39.00 |
| ● |
| 相关链接 |
|
|
|
正题名:隋彭生 : 律师民法业务思维
索取号:D923/S8851
 
预约/预借
| 序号 | 登录号 | 条形码 | 馆藏地/架位号 | 状态 | 备注 |
| 1 | 1235249 | 212352498 | 法学院资料室/ [索取号:D923/S8851] | 在馆 | |
| 2 | 1300942 | 213009420 | 法学院资料室/ [索取号:D923/S8851] | 在馆 |